000 01338nam a22002777a 4500
999 _c119097
_d119097
003 dpl
005 20190301122727.0
008 190301b ||||| |||| 00| 0 eng d
010 _aB-236053
020 _c250.00
_a8177831151
035 _aB-236053, B-236076
037 _bCen Lib/Ret
040 _aDPL
_bHN
_c0
082 _a791.437
_bखरेवि
100 _aखरे, विष्णु
_983331
245 _aसिनेमा पढ़ने के तरीके /
_cविष्णु खरे
246 _aCinema parhne ke tarike /
_bbe Vishnu Khare
260 _aनयी दिल्ली
_bप्रवीन प्रकाशन
_c2006
270 _bनयी दिल्ली
_a4760-61, द्वितीय तल, 23, अनासरी रोड, दरियागंज
_e110002
300 _a243पृ.
_c20सेमी(सजिल्द )
650 _aचलचित्र उद्योग - भारत - इतिहास
_x
_z
_983332
650 _aमोशन पिक्चर अभिनेताओं और अभिनेत्रियों - भारत
_983333
650 _aMotion picture industry -- India -- History
_983334
650 _a Motion picture actors and actresses -- India
_923896
942 _2ddc
_cHN
_h791.437
_mखरेवि